| 000 | 00575nam a2200205Ia 4500 | ||
|---|---|---|---|
| 003 | GCL | ||
| 008 | 140319s9999 xx 000 0 eng d | ||
| 040 |
_aGCL / _cGCL |
||
| 082 | 0 | 4 |
_a624.78341 _bN D |
| 100 | 1 | _aNILSON, ARTHURE H. | |
| 245 | 1 | 0 |
_aDESIGN OF CONCRETE STRUCTURES / _cNILSON, ARTHURE H. |
| 700 | 1 | _aDARWIN, DAVID | |
| 260 |
_a[S.N] : _bMC GRAW - HILL ، _c1997 |
||
| 300 | _a780 P | ||
| 650 | 0 | 4 | _aالمجموعات النادرة |
| 650 | 0 | 4 | _aCONCRETE |
| 650 | 0 | 4 | _aREINFORCED CONCRETE CONSTRUCTION |
| 650 | 0 | 4 | _aPRESTRESSED CONCRETE |
| 942 |
_2ddc _cBK |
||
| 999 |
_c15932 _d15932 |
||